000 00254nam a2200121 i 4500
001 bg
245 0 _aTransport a otoczenie.
260 _aSzczecin,
_c1978.
040 _cBPK
041 _apol
942 _cKS
008 s pl f |000 0 pol
999 _c18796
_d18796
856 _uhttp://koha.tu.koszalin.pl/cgi-bin/koha/opac-detail.pl?biblionumber=18796
_yKatalog online BPK